Countries With The Most McDonald's - Statistics

General Stats
  • This quiz has been taken 48 times
  • The average score is 13 of 14
Answer Stats
Country Locations % Correct
United Kingdom 1,274
100%
United States 14,146
100%
Germany 1,470
97%
Italy 570
97%
Russia 645
97%
Spain 497
97%
Canada 1,450
95%
China 2,391
95%
France 1,419
95%
Japan 2,975
95%
Australia 920
92%
Brazil 812
92%
South Korea 450
81%
Philippines 572
62%
No matching quizzes found
Score Distribution
Percent of People with Each Score
Percentile by Number Answered
Your Score History
You have not taken this quiz